[Event "Wch U16 Girls"]
[Site "Montesilvano"]
[Date "2023.11.20"]
[Round "7"]
[White "Tokarz, Izabela"]
[Black "Schippke, Manon"]
[Result "1-0"]
[WhiteElo "1931"]
[BlackElo "2110"]
[PlyCount "81"]
[EventDate "2023.11.13"]
[EventType "swiss"]
[EventRounds "11"]
[EventCountry "ITA"]
[SourceTitle "CB48_2023"]
[SourceDate "2023.11.29"]
[SourceVersion "1"]
[SourceVersionDate "2023.11.29"]
[SourceQuality "1"]

1. d4 Nf6 2. c4 d6 3. Nc3 Nbd7 4. e4 e5 5. d5 g6 6. Be2 h5 7. Bg5 Bh6 8. Bxh6 Rxh6 9. Qd2 Rh8 10. h4 Nc5 11. f3 a5 12. Nh3 Bd7 13. Nf2 Qe7 14. 0-0-0 Kf8 15. g4 Kg7 16. Rdf1 c6 17. Rd1 cxd5 18. g5 Ne8 19. Nxd5 Qd8 20. f4 Rc8 21. fxe5 b5 22. exd6 bxc4 23. Qd4+ Kh7 24. Ne7 Ne6 25. Qc3 Rc5 26. e5 Qb6 27. Ne4 Nf4 28. Rd2 Bc6 29. Nxc5 Bxh1 30. Qxc4 Ng7 31. Nd7 Qg1+ 32. Bd1 Nge6 33. Nf6+ Kg7 34. d7 Qe3 35. Qc3 Qb6 36. Ned5 Nxd5 37. Nxd5 Qb7 38. Nf6 Rb8 39. Bb3 Nf4 40. Ne8+ Kf8 41. Qc5+ 1-0

[Event "World ol U16"]
[Site "Eindhoven"]
[Date "2023.08.17"]
[Round "7.10"]
[White "Schippke, Manon"]
[Black "Georgiev, Konstantin1111"]
[Result "1-0"]
[WhiteElo "2175"]
[BlackElo "2072"]
[PlyCount "107"]
[EventDate "2023.08.13"]
[EventType "team-swiss"]
[EventRounds "9"]
[EventCountry "NED"]
[SourceTitle "CBM 215 Extra"]
[Source "ChessBase"]
[SourceDate "2023.09.30"]
[SourceVersion "1"]
[SourceVersionDate "2023.09.30"]
[SourceQuality "1"]
[WhiteTeam "France"]
[BlackTeam "Bulgaria"]
[WhiteTeamCountry "FRA"]
[BlackTeamCountry "BUL"]

1. e4 e6 2. d4 d5 3. Nd2 Be7 4. c3 Nf6 5. e5 Nfd7 6. Bd3 c5 7. Ne2 Nc6 8. 0-0 0-0 9. Nf3 cxd4 10. cxd4 f5 11. exf6 Nxf6 12. Re1 Bd6 13. Bg5 e5 14. dxe5 Nxe5 15. Nxe5 Bxe5 16. Ng3 Qd6 17. Bxf6 Bxf6 18. Bc2 Bd7 19. Qd3 g6 20. Ne4 Qc6 21. Bb3 Be6 22. Nxf6+ Rxf6 23. Rxe6 Rxe6 24. Qxd5 Qxd5 25. Bxd5 Kf7 26. Re1 Rae8 27. f4 Kf6 28. Rxe6+ Rxe6 29. Bxe6 Kxe6 30. g4 Kd5 31. Kf2 Ke4 32. Kg3 a6 33. a3 b6 34. b3 a5 35. a4 h6 36. h3 h5 37. gxh5 gxh5 38. Kh4 Kxf4 39. Kxh5 Ke4 40. Kg5 Kd4 41. h4 Kc3 42. h5 Kxb3 43. h6 Kxa4 44. h7 Ka3 45. h8Q b5 46. Qc3+ Ka4 47. Kf4 b4 48. Qb2 b3 49. Qc3 Ka3 50. Qxa5+ Kb2 51. Ke3 Kb1 52. Kd3 b2 53. Kc3 Kc1 54. Qa3 1-0

[Event "Mitropa Cup (Women)"]
[Site "Mali Losinj"]
[Date "2023.04.12"]
[Round "2.3"]
[White "Schippke, Manon"]
[Black "Motycakova, Monika"]
[Result "1-0"]
[WhiteElo "1963"]
[BlackElo "2090"]
[PlyCount "99"]
[EventDate "2023.04.11"]
[EventType "team-tourn"]
[EventRounds "9"]
[EventCountry "CRO"]
[SourceTitle "CBM 213 Extra"]
[Source "ChessBase"]
[SourceDate "2023.05.31"]
[SourceVersion "1"]
[SourceVersionDate "2023.05.31"]
[SourceQuality "1"]
[WhiteTeam "France (W)"]
[BlackTeam "Slovakia (W)"]
[WhiteTeamCountry "FRA"]
[BlackTeamCountry "SVK"]

1. e4 e5 2. Nf3 Nc6 3. Bc4 Bc5 4. c3 Nf6 5. d3 d6 6. Nbd2 0-0 7. Nf1 Ne7 8. Ng3 Ng6 9. 0-0 Bb6 10. Re1 c6 11. Bb3 h6 12. h3 d5 13. exd5 Nxd5 14. Bc4 Be6 15. Qc2 Qd6 16. a4 a5 17. b3 Rfe8 18. Ba3 Qb8 19. Ne4 Bc7 20. d4 b5 21. Bf1 Ndf4 22. Nc5 Bd5 23. Nd7 Qd8 24. Ndxe5 Nxe5 25. Nxe5 Qg5 26. Bc1 f6 27. Bxf4 Qxf4 28. g3 Qg5 29. h4 Qh5 30. Be2 Qxe2 31. Rxe2 fxe5 32. dxe5 bxa4 33. Rxa4 Bxe5 34. c4 Bf7 35. Qf5 Bc3 36. Rxe8+ Rxe8 37. Ra2 Bb4 38. Qf3 c5 39. Ra1 Bg6 40. Rd1 Be4 41. Qg4 Bc2 42. Rd7 Bc3 43. Qf3 Re1+ 44. Kh2 Be4 45. Qf7+ Kh7 46. f3 Re2+ 47. Kh3 Bg6 48. Qf8 Bd4 49. Rd8 h5 50. Qh8# 1-0

[Event "EU-ch U16 Girls 30th"]
[Site "Antalya"]
[Date "2022.11.13"]
[Round "8"]
[White "Schippke, Manon"]
[Black "Kochavi, Dana"]
[Result "1/2-1/2"]
[WhiteElo "2037"]
[BlackElo "1928"]
[PlyCount "104"]
[EventDate "2022.11.06"]
[EventType "swiss"]
[EventRounds "9"]
[EventCountry "TUR"]
[SourceTitle "CBM 211 Extra"]
[Source "ChessBase"]
[SourceDate "2023.01.31"]
[SourceVersion "1"]
[SourceVersionDate "2023.01.31"]
[SourceQuality "1"]

1. e4 c6 2. d4 d5 3. Nc3 dxe4 4. Nxe4 Nf6 5. Nxf6+ exf6 6. c3 Bd6 7. Bd3 0-0 8. Qc2 Re8+ 9. Ne2 h5 10. 0-0 h4 11. h3 Nd7 12. Bd2 Nf8 13. Rae1 Bc7 14. f4 Qd6 15. Rf3 g6 16. c4 f5 17. Bc3 Nh7 18. b4 Nf6 19. Rd1 Ne4 20. Be1 Qf6 21. Re3 Bd7 22. d5 cxd5 23. Bxe4 Rxe4 24. Rxe4 fxe4 25. Bc3 Qe7 26. cxd5 Bb5 27. Qb2 Bxe2 28. Qxe2 Bxf4 29. Qf2 Qg5 30. Re1 e3 31. Qf3 Qg3 32. Qxg3 hxg3 33. Kf1 Rd8 34. Rd1 Rc8 35. Rd3 Kf8 36. Ke2 Ke8 37. Kf3 g5 38. h4 Ke7 39. hxg5 Bxg5 40. Bd4 e2 41. Kxe2 Rc2+ 42. Kf3 Rxa2 43. Kxg3 b6 44. Be5 Bd2 45. b5 Bb4 46. d6+ Kd7 47. Rd1 Rd2 48. Ra1 Bxd6 49. Rxa7+ Ke6 50. Bxd6 Rxd6 51. Rb7 f6 52. Kf4 Rd4+ 1/2-1/2

[Event "EU-ch U16 Girls 30th"]
[Site "Antalya"]
[Date "2022.11.10"]
[Round "5"]
[White "Manko, Mariya"]
[Black "Schippke, Manon"]
[Result "0-1"]
[WhiteElo "2085"]
[BlackElo "2037"]
[PlyCount "82"]
[EventDate "2022.11.06"]
[EventType "swiss"]
[EventRounds "9"]
[EventCountry "TUR"]
[SourceTitle "CBM 211 Extra"]
[Source "ChessBase"]
[SourceDate "2023.01.31"]
[SourceVersion "1"]
[SourceVersionDate "2023.01.31"]
[SourceQuality "1"]

1. Nf3 Nf6 2. c4 g6 3. d4 Bg7 4. g3 0-0 5. Bg2 d6 6. 0-0 Nc6 7. Nc3 e5 8. dxe5 dxe5 9. Bg5 Be6 10. b3 h6 11. Bxf6 Qxf6 12. Nd2 Rad8 13. Qc1 Qe7 14. Rd1 f5 15. Nd5 Qf7 16. Nb1 Nd4 17. Nbc3 e4 18. Rb1 c6 19. Nf4 Bc8 20. f3 g5 21. Nh3 b5 22. cxb5 cxb5 23. b4 Be6 24. fxe4 Rc8 25. Kh1 Nxe2 26. Nxe2 Rxc1 27. Rbxc1 fxe4 28. Rf1 Qh5 29. Rxf8+ Bxf8 30. Nhg1 Bc4 31. Nd4 Qg6 32. Re1 Bd3 33. a3 Bg7 34. Nb3 Qf7 35. Nc5 Qf2 36. Rd1 Qc2 37. Re1 Bc3 38. Nxd3 Bxe1 39. Bxe4 Qc4 40. Nc5 Bf2 41. Nd7 Qf1 0-1

[Event "EU-ch U16 Girls 30th"]
[Site "Antalya"]
[Date "2022.11.08"]
[Round "3"]
[White "Schippke, Manon"]
[Black "Musabayeva, Diana"]
[Result "1-0"]
[WhiteElo "2037"]
[BlackElo "1919"]
[PlyCount "67"]
[EventDate "2022.11.06"]
[EventType "swiss"]
[EventRounds "9"]
[EventCountry "TUR"]
[SourceTitle "CBM 211 Extra"]
[Source "ChessBase"]
[SourceDate "2023.01.31"]
[SourceVersion "1"]
[SourceVersionDate "2023.01.31"]
[SourceQuality "1"]

1. e4 c5 2. Nf3 d6 3. d4 cxd4 4. Nxd4 Nf6 5. Nc3 a6 6. Rg1 e5 7. Nb3 Be6 8. g4 Be7 9. g5 Nfd7 10. Be3 Nc6 11. Qf3 b5 12. Bh3 Na5 13. Bxe6 fxe6 14. g6 Bf6 15. Qh5 h6 16. Qg4 Nf8 17. 0-0-0 Nxb3+ 18. axb3 Qd7 19. Bc5 Be7 20. Bb6 Bd8 21. Bxd8 Kxd8 22. f4 exf4 23. Qxf4 Kc7 24. Qg3 Re8 25. Rgf1 Re7 26. Rd3 Qd8 27. Ne2 h5 28. Nd4 Rh6 29. Rc3+ Kb7 30. Nc6 Qd7 31. Rxf8 Re8 32. Rf7 Qxf7 33. gxf7 Rf8 34. Qxd6 1-0